000 00313nam a22001457a 4500
003 SGT
082 _a617.7
_bC12E
100 _aEFRON, NATHAN
245 _aCONTACT LENS COMPLICATIONS
250 _a3RD
260 _aEDINBURGH
_bELSEVIER
_c2017
300 _a318
650 _aOPHTHALMOLOGY
942 _2ddc
_cBK
999 _c14545
_d14545